000 00315nam a22001457a 4500
020 _a978-81-264-3179-9
082 _a894.812.3
_bPOY/S
100 _aPOYTHUMKADAVU, SHIHABUDHEEN
245 _aNOVELLAKAL
260 _aKOTTAYAM
_bDC BOOKS
_c2011
300 _a128
520 _aNOVEL
650 _aNOVEL
942 _cBK
999 _c5058
_d5058